000 00286nam a22001337a 4500
008 170727b xxu||||| |||| 00| 0 eng d
020 _a025211443002
041 _aeng
080 _a004
100 _a29
101 _aSHKI
245 _aFINAL CUT PRO 4
_cTEAGUE, J.C
942 _2udc
_cBK
999 _c22014
_d22014